[Event "ch-PHI Finals"]
[Site "Mandaluyong PHI"]
[Date "2008.07.03"]
[Round "3"]
[White "Paragua, M."]
[Black "So, W."]
[Result "0-1"]
[WhiteElo "2523"]
[BlackElo "2577"]
[PlyCount "71"]
[EventDate "2008.07.01"]
[SourceDate "1999.07.01"]

1. d4 Nf6 2. Nf3 e6 3. c4 b6 4. g3 Ba6 5. Qc2 c5 6. Bg2 Bb7 7. d5 exd5 8. cxd5
Nxd5 9. O-O Be7 10. Rd1 Qc8 11. Qf5 Nf6 12. Nc3 O-O 13. Bg5 h6 14. Bxf6 Bxf6
15. e4 d6 16. Qxc8 Rxc8 17. Nb5 Bc6 18. Nxd6 Rc7 19. e5 Be7 20. b4 cxb4 21.
Rac1 Rd7 22. Rd4 a5 23. Rdc4 Bxd6 24. exd6 Rxd6 25. Ne5 Bxg2 26. Rc8+ Kh7 27.
Kxg2 f6 28. Nf7 Rd7 29. Rf8 a4 30. h4 g6 31. Nd8 Na6 32. Ne6 Rda7 33. Rxf6 Nc5
34. Nxc5 bxc5 35. Rxc5 Rb8 36. Rc1 0-1

[Event "ch-PHI Finals"]
[Site "Mandaluyong PHI"]
[Date "2008.07.04"]
[Round "5"]
[White "Laylo, D."]
[Black "So, W."]
[Result "1-0"]
[WhiteElo "2504"]
[BlackElo "2577"]
[PlyCount "105"]
[EventDate "2008.07.01"]
[SourceDate "1999.07.01"]

1. d4 Nf6 2. Nf3 e6 3. c4 b6 4. g3 Ba6 5. b3 Bb4+ 6. Bd2 Be7 7. Bg2 O-O 8. O-O
c6 9. Bc3 d5 10. Ne5 Nfd7 11. Nxd7 Nxd7 12. Nd2 Rb8 13. Re1 b5 14. e4 bxc4 15.
bxc4 dxc4 16. Qc2 Ba3 17. e5 Nb6 18. Bxc6 Nd5 19. Bxd5 Qxd5 20. Rab1 Be7 21.
Qe4 Qd7 22. h4 Bb7 23. Qe2 Bd5 24. Ne4 Qa4 25. Rbc1 Rb6 26. Qc2 Qc6 27. Re3
Rfb8 28. Rce1 h6 29. Kh2 Bb4 30. Kg1 Bxc3 31. Nxc3 Bh1 32. d5 exd5 33. Kxh1 d4+
34. Re4 dxc3 35. Qxc3 Rb1 36. Kh2 Qc5 37. R1e2 Rf1 38. Kg2 Rbb1 39. Qxc4 Qe7
40. Qc8+ Kh7 41. Rd4 Rg1+ 42. Kf3 Qa3+ 43. Re3 Qxa2 44. h5 Rbd1 45. Qf5+ Kg8
46. Qc8+ Kh7 47. Qf5+ Kg8 48. Qc8+ Kh7 49. Red3 Rxd3+ 50. Rxd3 Qa5 51. Rd8 Qa3+
52. Kg4 Qb4+ 53. f4 1-0

[Event "ch-PHI Finals"]
[Site "Mandaluyong PHI"]
[Date "2008.07.06"]
[Round "8"]
[White "Gonzales, Jay"]
[Black "So, W."]
[Result "0-1"]
[WhiteElo "2524"]
[BlackElo "2577"]
[PlyCount "90"]
[EventDate "2008.07.01"]
[SourceDate "1999.07.01"]

1. d4 Nf6 2. Nf3 e6 3. c4 b6 4. g3 Ba6 5. Qa4 Bb7 6. Bg2 c5 7. dxc5 Bxc5 8. O-O
O-O 9. Nc3 Be7 10. Bf4 Na6 11. Rfd1 Nc5 12. Qc2 Qc8 13. Rac1 Nce4 14. Nxe4 Bxe4
15. Qd2 Qa6 16. Qe3 Rac8 17. Be5 Bxf3 18. exf3 Rxc4 19. Bf1 Rxc1 20. Bxa6 Rxd1+
21. Kg2 d6 22. Qe2 Rd5 23. Bc3 Rc5 24. f4 Nd5 25. Bd4 Rc7 26. Qd2 Rd8 27. f3
Bf6 28. Bf2 g6 29. a3 b5 30. Kh3 Rb8 31. b3 Rc3 32. Qd1 Rc7 33. Qd3 Bb2 34.
Bxb5 Bxa3 35. Bc4 Bc5 36. Be1 Nb4 37. Qe2 Nc6 38. Bc3 d5 39. Ba6 Rxb3 40. Bf6
Be7 41. Ba1 Bf8 42. f5 exf5 43. Bf6 d4 44. Bc4 Re3 45. Qf1 Be7 0-1

[Event "XXVIII Open"]
[Site "Benasque ESP"]
[Date "2008.07.10"]
[Round "8"]
[White "Gordon, S."]
[Black "Baklan, V."]
[Result "1/2-1/2"]
[WhiteElo "2508"]
[BlackElo "2631"]
[PlyCount "37"]
[EventDate "2008.07.03"]
[SourceDate "1999.07.01"]

1. d4 Nf6 2. c4 e6 3. Nf3 b6 4. Nc3 Bb4 5. Bg5 Bb7 6. Nd2 h6 7. Bh4 O-O 8. e4
Be7 9. Bg3 d5 10. cxd5 exd5 11. e5 Nfd7 12. Bd3 c5 13. O-O cxd4 14. Ne2 Nc6 15.
Nf3 Nc5 16. Nexd4 Nxd4 17. Nxd4 Nxd3 18. Qxd3 Bc5 19. Rfd1 1/2-1/2

[Event "XXVIII Open"]
[Site "Benasque ESP"]
[Date "2008.07.10"]
[Round "8"]
[White "Rodshtein, M."]
[Black "Lafuente, P."]
[Result "1-0"]
[WhiteElo "2605"]
[BlackElo "2505"]
[PlyCount "95"]
[EventDate "2008.07.03"]
[SourceDate "1999.07.01"]

1. d4 Nf6 2. c4 e6 3. Nf3 b6 4. g3 Ba6 5. Qc2 b5 6. cxb5 Bxb5 7. Nc3 Bb4 8. e4
Bc6 9. Bd3 h6 10. O-O O-O 11. Bd2 d6 12. Rac1 a5 13. a3 Bxc3 14. Bxc3 Bb7 15.
Nd2 Nbd7 16. b4 axb4 17. axb4 c5 18. dxc5 dxc5 19. b5 Rb8 20. Nc4 Ba8 21. Ba5
Qe7 22. Rb1 Rfc8 23. Rfd1 e5 24. f3 Nf8 25. Qc3 N6d7 26. Bf1 Ne6 27. Nxe5 Nd4
28. Nxd7 Qxd7 29. Qe3 Qe8 30. Bh3 f5 31. Bc3 Qh5 32. Bxd4 cxd4 33. Qb3+ Kh8 34.
Bxf5 Rc3 35. Qb4 Rxf3 36. Qd6 Rg8 37. Rf1 Rxf1+ 38. Rxf1 Qg5 39. Qxd4 Rd8 40.
Qc3 Bb7 41. h4 Qe7 42. Rc1 Rf8 43. Qc5 Qd8 44. Qe3 Qe7 45. Qd4 Rd8 46. Qc5 Qf6
47. Rf1 g6 48. Bc8 1-0

[Event "XXX Nezhmetdinov Mem"]
[Site "Kazan RUS"]
[Date "2008.06.08"]
[Round "8"]
[White "Rychagov, A."]
[Black "Bocharov, D."]
[Result "1/2-1/2"]
[WhiteElo "2565"]
[BlackElo "2569"]
[PlyCount "33"]
[EventDate "2008.06.01"]
[SourceDate "1999.07.01"]

1. d4 Nf6 2. c4 e6 3. Nf3 b6 4. g3 Ba6 5. Qa4 Bb7 6. Bg2 c5 7. dxc5 bxc5 8. O-O
Be7 9. Nc3 O-O 10. Rd1 d6 11. Bf4 Qb6 12. Rab1 Na6 13. a3 Rac8 14. Qb5 Rfd8 15.
Qxb6 axb6 16. Nb5 Ne8 17. Rd2 1/2-1/2

[Event "Superfinal Chelyabinsk Oblast"]
[Site "Satka RUS"]
[Date "2008.07.12"]
[Round "7"]
[White "Riazantsev, A."]
[Black "Kotsur, P."]
[Result "1/2-1/2"]
[WhiteElo "2617"]
[BlackElo "2566"]
[PlyCount "37"]
[EventDate "2008.07.06"]
[SourceDate "1999.07.01"]

1. d4 Nf6 2. c4 e6 3. Nf3 b6 4. a3 Ba6 5. Qb3 Be7 6. Nc3 d5 7. cxd5 Nxd5 8. e4
Bxf1 9. Rxf1 Nxc3 10. Qxc3 O-O 11. Bf4 Bd6 12. Be3 a5 13. Ke2 Qd7 14. Rfd1 a4
15. Rac1 Qb5+ 16. Ke1 Na6 17. Rd2 c5 18. Qc4 Qe8 19. e5 1/2-1/2

[Event "Open"]
[Site "Conegliano ITA"]
[Date "2008.06.02"]
[Round "6"]
[White "Epishin, V."]
[Black "Fedorchuk, S."]
[Result "1/2-1/2"]
[WhiteElo "2566"]
[BlackElo "2671"]
[PlyCount "52"]
[EventDate "2008.05.31"]
[SourceDate "1999.07.01"]

1. d4 Nf6 2. Nf3 e6 3. c4 b6 4. g3 Ba6 5. b3 Bb7 6. Bg2 Bb4+ 7. Bd2 a5 8. O-O
O-O 9. a3 Be7 10. Nc3 d5 11. cxd5 exd5 12. Qc2 Na6 13. Rfd1 Re8 14. Qb2 Qd7 15.
Bg5 Qf5 16. Bxf6 Qxf6 17. e3 Bd6 18. Ne1 c6 19. e4 dxe4 20. Nxe4 Qe7 21. Nxd6
Qxd6 22. Nc2 Nc7 23. Ne3 Nd5 24. Nxd5 cxd5 25. Re1 Rxe1+ 26. Rxe1 Qf6 1/2-1/2

[Event "IM"]
[Site "Danang VIE"]
[Date "2008.06.15"]
[Round "7"]
[White "Dao Thien Hai"]
[Black "Zaw Win Lay"]
[Result "1/2-1/2"]
[WhiteElo "2502"]
[BlackElo "2574"]
[PlyCount "50"]
[EventDate "2008.06.11"]
[SourceDate "1999.07.01"]

1. d4 Nf6 2. c4 e6 3. Nf3 b6 4. g3 Bb4+ 5. Bd2 a5 6. Bg2 Bb7 7. O-O O-O 8. Nc3
d6 9. Qc2 Nbd7 10. Rfe1 Bxc3 11. Bxc3 Be4 12. Qc1 Re8 13. b3 Qe7 14. Qb2 a4 15.
Rad1 axb3 16. axb3 Reb8 17. Ra1 Qd8 18. Rxa8 Rxa8 19. Bh3 b5 20. Nd2 bxc4 21.
bxc4 Rb8 22. Qc1 c5 23. Rd1 Bg6 24. Bg2 cxd4 25. Bxd4 Qc7 1/2-1/2

[Event "IV Open"]
[Site "Sort ESP"]
[Date "2008.06.26"]
[Round "4"]
[White "Delchev, A."]
[Black "Kovalyov, A."]
[Result "1/2-1/2"]
[WhiteElo "2639"]
[BlackElo "2525"]
[PlyCount "47"]
[EventDate "2008.06.24"]
[SourceDate "1999.07.01"]

1. d4 Nf6 2. c4 e6 3. Nf3 b6 4. g3 c6 5. Bg2 d5 6. O-O Be7 7. Qc2 O-O 8. Rd1
Ba6 9. b3 Nbd7 10. Nbd2 Rc8 11. e4 c5 12. exd5 exd5 13. Nf1 b5 14. Ne3 bxc4 15.
bxc4 cxd4 16. Nxd4 Bxc4 17. Ndf5 Re8 18. Nxe7+ Qxe7 19. Bb2 Bf1 20. Qf5 Bxg2
21. Kxg2 Qe6 22. Qf3 Ne5 23. Bxe5 Qxe5 24. Nxd5 1/2-1/2

[Event "TCh-TUR"]
[Site "Kocaeli TUR"]
[Date "2008.06.28"]
[Round "9"]
[White "Gelashvili, T."]
[Black "Atalik, S."]
[Result "1/2-1/2"]
[WhiteElo "2622"]
[BlackElo "2592"]
[PlyCount "39"]
[EventDate "2008.06.24"]
[SourceDate "1999.07.01"]

1. Nf3 Nf6 2. c4 b6 3. d4 e6 4. Nc3 Bb7 5. Bg5 h6 6. Bh4 Be7 7. e3 O-O 8. Be2
d5 9. O-O Nbd7 10. Rc1 dxc4 11. Bxc4 c5 12. Qe2 a6 13. a4 cxd4 14. Nxd4 Nc5 15.
b4 Nce4 16. Nxe4 Nxe4 17. Bxe7 Qxe7 18. f3 Nf6 19. b5 axb5 20. Bxb5 1/2-1/2

[Event "ch-CHN"]
[Site "Beijing CHN"]
[Date "2008.06.03"]
[Round "6"]
[White "Zhou Weiqi"]
[Black "Ni Hua"]
[Result "1/2-1/2"]
[WhiteElo "2560"]
[BlackElo "2704"]
[PlyCount "103"]
[EventDate "2008.05.29"]
[SourceDate "1999.07.01"]

1. d4 Nf6 2. c4 e6 3. Nf3 b6 4. g3 Ba6 5. b3 Bb4+ 6. Bd2 Be7 7. Bg2 c6 8. Bc3
O-O 9. Nbd2 d5 10. Ne5 Nfd7 11. Nd3 Nf6 12. O-O Nbd7 13. e4 dxe4 14. Nxe4 Qc7
15. Qc2 Nxe4 16. Bxe4 Nf6 17. Bg2 Bb7 18. Rad1 Rad8 19. Qe2 c5 20. dxc5 Bxg2
21. Kxg2 bxc5 22. Ne5 Nd7 23. Nxd7 Rxd7 24. Rxd7 Qxd7 25. Rd1 Qc6+ 26. Qf3
Qxf3+ 27. Kxf3 Rd8 28. Rxd8+ Bxd8 29. a3 a5 30. Be5 f6 31. Bd6 Bb6 32. Ke4 Kf7
33. g4 Ke8 34. f4 Kd7 35. Bf8 g6 36. f5 Ke8 37. Bh6 Kd7 38. fxe6+ Kxe6 39. Be3
f5+ 40. gxf5+ gxf5+ 41. Kd3 Bc7 42. h3 Bd6 43. Bd2 Bc7 44. Ke3 Kf6 45. Kf3 Ke6
46. Bc3 Kf7 47. Bd2 Ke6 48. h4 h5 49. Bg5 Kf7 50. Be3 Bd6 51. Bd2 Bc7 52. Be3
1/2-1/2

[Event "ch-CHN w"]
[Site "Beijing CHN"]
[Date "2008.06.01"]
[Round "4"]
[White "Zhao Xue"]
[Black "Hou Yifan"]
[Result "1/2-1/2"]
[WhiteElo "2523"]
[BlackElo "2549"]
[PlyCount "61"]
[EventDate "2008.05.29"]
[SourceDate "1999.07.01"]

1. d4 e6 2. c4 Nf6 3. Nf3 b6 4. g3 Ba6 5. b3 Bb4+ 6. Bd2 Be7 7. Bg2 c6 8. O-O
d5 9. Qc2 Nbd7 10. Rd1 O-O 11. Bf4 Rc8 12. Nc3 Nh5 13. Bc1 Nhf6 14. Bb2 dxc4
15. Ne5 Nxe5 16. dxe5 Nd5 17. bxc4 Bxc4 18. Nb1 b5 19. Na3 Qb6 20. Nxc4 bxc4
21. Rac1 c3 22. Bxc3 Ba3 23. Rb1 Qc5 24. Rb3 Bb4 25. Bxd5 cxd5 26. Rd3 d4 27.
Rxb4 Qxb4 28. Bxb4 Rxc2 29. Bxf8 Kxf8 30. Rxd4 Rxa2 31. Kf1 1/2-1/2

[Event "Doroshkevich mem"]
[Site "Maykop RUS"]
[Date "2008.05.30"]
[Round "7"]
[White "Pushkov, N."]
[Black "Korobkov, P."]
[Result "1/2-1/2"]
[WhiteElo "2513"]
[BlackElo "2508"]
[PlyCount "114"]
[EventDate "2008.05.24"]
[SourceDate "1999.07.01"]

1. d4 Nf6 2. Nf3 e6 3. c4 b6 4. a3 Bb7 5. Nc3 g6 6. Qc2 Bxf3 7. exf3 Bg7 8. d5
O-O 9. Be2 c5 10. O-O exd5 11. cxd5 d6 12. Rb1 a6 13. a4 Ne8 14. Be3 Nd7 15. f4
f5 16. h3 Nc7 17. Rfd1 Qf6 18. Bc4 Rfb8 19. Qd3 b5 20. axb5 Nb6 21. bxa6 Nxc4
22. Qxc4 Nxa6 23. Ra1 Nb4 24. Rxa8 Rxa8 25. Qb5 Qd8 26. Kh2 Nc2 27. Qe2 Nxe3
28. Qxe3 Rb8 29. Qe6+ Kf8 30. Qe2 Qe7 31. Qd2 Qb7 32. Qe2 Qe7 33. Qc2 Qb7 34.
Rd2 Qb4 35. g3 Qc4 36. Nd1 Qxc2 37. Rxc2 Rb3 38. Rd2 Bf6 39. Kg2 Ke7 40. Kf1
Bd4 41. Ke2 Kf7 42. Rd3 Rb6 43. b3 Ra6 44. Ne3 Bxe3 45. fxe3 Ra1 46. Rd1 Ra3
47. Rb1 Ra2+ 48. Kd3 Rh2 49. h4 Ra2 50. b4 Ra3+ 51. Kc4 cxb4 52. Rb3 Ra1 53.
Rxb4 Rc1+ 54. Kd3 Rd1+ 55. Ke2 Rxd5 56. Rb7+ Kg8 57. Rd7 h5 1/2-1/2

[Event "TCh-HUN 2007-8"]
[Site "Budapest HUN"]
[Date "2008.05.18"]
[Round "11"]
[White "Erdos, V."]
[Black "Medvegy, Z."]
[Result "1-0"]
[WhiteElo "2551"]
[BlackElo "2512"]
[PlyCount "159"]
[EventDate "2007.10.14"]
[SourceDate "1999.07.01"]

1. d4 Nf6 2. c4 e6 3. Nf3 b6 4. Nc3 Bb7 5. a3 d5 6. cxd5 Nxd5 7. e3 g6 8. Bb5+
c6 9. Bd3 Bg7 10. e4 Nxc3 11. bxc3 c5 12. Bg5 Qd6 13. e5 Qc7 14. O-O O-O 15.
Qe2 Bd5 16. Be4 Bxe4 17. Qxe4 Nc6 18. Qh4 cxd4 19. cxd4 Qd7 20. Rfe1 Rae8 21.
Re4 Ne7 22. Qh3 Nd5 23. Rae1 f6 24. exf6 Nxf6 25. Rxe6 Rxe6 26. Qxe6+ Qxe6 27.
Rxe6 Rc8 28. h3 Kf7 29. d5 Nxd5 30. Rd6 Nc7 31. Rd7+ Kg8 32. Be3 Bf8 33. Ng5
Bxa3 34. Bd4 Ne8 35. Rxh7 Kf8 36. Ne6+ Kg8 37. Ng5 Kf8 38. Rxa7 Bc5 39. Ne6+
Kg8 40. Nxc5 bxc5 41. Be5 c4 42. Bc3 Nd6 43. Rg7+ Kf8 44. Rxg6 Ne4 45. Bb4+ Kf7
46. Rg4 Nf6 47. Rg3 Nd5 48. Bc3 Rb8 49. Bd4 Rb1+ 50. Kh2 Rd1 51. Bh8 Rd2 52.
Rf3+ Ke6 53. h4 Rd3 54. Kg3 Rb3 55. Rxb3 cxb3 56. Ba1 Nb6 57. Kf4 Nc4 58. Kg5
Kf7 59. g4 b2 60. Bxb2 Nxb2 61. Kf5 Nc4 62. h5 Nd6+ 63. Ke5 Nc4+ 64. Kd4 Nd6
65. Kd5 Ne8 66. Ke5 Nf6 67. f3 Nd7+ 68. Kf5 Nf6 69. f4 Ne8 70. g5 Nd6+ 71. Kg4
Ke6 72. h6 Kf7 73. f5 Nc4 74. Kf4 Nd6 75. Ke5 Nc4+ 76. Ke4 Nd6+ 77. Kf4 Nc4 78.
g6+ Kf6 79. h7 Kg7 80. f6+ 1-0

[Event "Mitropa Cup m"]
[Site "Olbia ITA"]
[Date "2008.06.03"]
[Round "9"]
[White "Saric, A."]
[Black "Jenni, F."]
[Result "1-0"]
[WhiteElo "2505"]
[BlackElo "2550"]
[PlyCount "81"]
[EventDate "2008.05.25"]
[SourceDate "1999.07.01"]

1. Nf3 Nf6 2. c4 b6 3. d4 e6 4. Nc3 Bb7 5. a3 d5 6. cxd5 Nxd5 7. Qc2 Be7 8. e4
Nxc3 9. bxc3 O-O 10. Bd3 Nd7 11. O-O c5 12. Bf4 Rc8 13. Qd2 cxd4 14. cxd4 Nf6
15. Rfe1 Qd7 16. a4 a5 17. Qb2 Bb4 18. Bd2 Bxd2 19. Nxd2 Qc7 20. Rac1 Qf4 21.
g3 Rxc1 22. Rxc1 Qh6 23. Rc2 Ng4 24. Nf1 f5 25. Qxb6 Bxe4 26. Bxe4 fxe4 27.
Qxa5 e3 28. f4 Qg6 29. Re2 Qd3 30. Qb5 Qxd4 31. Qb3 Rf6 32. Nxe3 g5 33. f5 Qe4
34. Nxg4 Qxg4 35. Rxe6 Qd4+ 36. Kg2 Rxe6 37. Qxe6+ Kf8 38. f6 Qd2+ 39. Kh3 g4+
40. Kxg4 h5+ 41. Kh3 1-0

[Event "XXVII Open"]
[Site "Zalakarosi HUN"]
[Date "2008.05.29"]
[Round "8"]
[White "Medvegy, Z."]
[Black "Romanishin, O."]
[Result "1/2-1/2"]
[WhiteElo "2512"]
[BlackElo "2514"]
[PlyCount "26"]
[EventDate "2008.05.22"]
[SourceDate "1999.07.01"]

1. d4 Nf6 2. c4 e6 3. Nf3 b6 4. g3 Bb4+ 5. Bd2 Be7 6. Bg2 Bb7 7. Nc3 O-O 8. O-O
Na6 9. Bf4 Ne4 10. Nxe4 Bxe4 11. Ne1 Bxg2 12. Nxg2 c5 13. dxc5 Nxc5 1/2-1/2

[Event "TCh-FRA Top 16 Poule Haute"]
[Site "Evry FRA"]
[Date "2008.05.29"]
[Round "8"]
[White "Nisipeanu, LD."]
[Black "Rausis, I."]
[Result "1-0"]
[WhiteElo "2684"]
[BlackElo "2512"]
[PlyCount "69"]
[EventDate "2008.05.29"]
[SourceDate "1999.07.01"]

1. d4 Nf6 2. c4 e6 3. Nf3 b6 4. g3 Ba6 5. Qc2 Bb4+ 6. Bd2 Bxd2+ 7. Nbxd2 O-O 8.
Bg2 d5 9. O-O c6 10. b4 Qe7 11. Rfb1 Nbd7 12. a4 Rfc8 13. a5 h6 14. e3 dxc4 15.
Nxc4 Nd5 16. Nce5 Nxb4 17. Qb3 Nd5 18. Nxd7 Qxd7 19. axb6 axb6 20. e4 Ne7 21.
Qxb6 Bb5 22. Qc5 Ng6 23. h4 Bd3 24. Rxa8 Rxa8 25. Re1 Bb5 26. h5 Nf8 27. Ne5
Qa7 28. Rc1 Qxc5 29. Rxc5 Ra1+ 30. Kh2 Rb1 31. d5 cxd5 32. exd5 f6 33. dxe6
fxe5 34. Rc8 Ba6 35. Rd8 1-0

[Event "TCh-FRA Top 16 Poule Haute"]
[Site "Evry FRA"]
[Date "2008.05.30"]
[Round "9"]
[White "Riazantsev, A."]
[Black "Naiditsch, A."]
[Result "1/2-1/2"]
[WhiteElo "2638"]
[BlackElo "2624"]
[PlyCount "95"]
[EventDate "2008.05.29"]
[SourceDate "1999.07.01"]

1. d4 Nf6 2. c4 e6 3. Nf3 b6 4. g3 Ba6 5. Qb3 Nc6 6. Nbd2 Be7 7. Bg2 O-O 8. O-O
d5 9. Qa4 Bb7 10. cxd5 exd5 11. Nb1 Ne4 12. Nc3 Bf6 13. Bf4 Re8 14. Rac1 Nxc3
15. Rxc3 Rxe2 16. Rfc1 Qe8 17. Bf1 Nxd4 18. Qxe8+ Raxe8 19. Nxd4 Bxd4 20. Bxe2
Bxc3 21. Rxc3 Rxe2 22. Rxc7 Ba6 23. Rxa7 Re1+ 24. Kg2 Bf1+ 25. Kf3 h6 26. Be3
g5 27. g4 Bd3 28. Bd4 Be4+ 29. Kg3 Rg1+ 30. Kh3 Bg2+ 31. Kg3 Bh1+ 32. Kh3 f5
33. f3 Rd1 34. Ra8+ Kf7 35. Ra7+ Ke6 36. gxf5+ Kxf5 37. Bxb6 d4 38. Kg3 Rd2 39.
Rd7 Rxb2 40. Bxd4 Rg2+ 41. Kh3 Rxa2 42. Rf7+ Kg6 43. Ra7 Rd2 44. Ra6+ Kh7 45.
Be5 Re2 46. Bd4 Rd2 47. Be5 Rd5 48. Bg3 1/2-1/2

[Event "TCh-FRA Top 16 Poule Haute"]
[Site "Evry FRA"]
[Date "2008.06.01"]
[Round "11"]
[White "Tkachiev, V."]
[Black "Pelletier, Y."]
[Result "1/2-1/2"]
[WhiteElo "2657"]
[BlackElo "2607"]
[PlyCount "58"]
[EventDate "2008.05.29"]
[SourceDate "1999.07.01"]

1. d4 Nf6 2. c4 e6 3. Nf3 b6 4. g3 Ba6 5. Qc2 Bb4+ 6. Bd2 Be7 7. e4 d5 8. cxd5
Bxf1 9. Kxf1 exd5 10. e5 Ne4 11. Nc3 Nxc3 12. bxc3 Qd7 13. h4 h6 14. e6 Qxe6
15. Re1 Qd6 16. Bf4 Qd8 17. Kg2 Nc6 18. Qa4 Qd7 19. Re2 Rd8 20. c4 O-O 21. cxd5
Nb4 22. Qxd7 Rxd7 23. Ne5 Rxd5 24. a3 Na6 25. Ng6 fxg6 26. Rxe7 Rf7 27. Re8+
Rf8 28. Re7 Rf7 29. Re8+ Rf8 1/2-1/2

[Event "III President's Cup"]
[Site "Baku AZE"]
[Date "2008.05.17"]
[Round "6"]
[White "Gelashvili, T."]
[Black "Ibrahimov, R."]
[Result "1-0"]
[WhiteElo "2622"]
[BlackElo "2535"]
[PlyCount "81"]
[EventDate "2008.05.12"]
[SourceDate "1999.07.01"]

1. d4 Nf6 2. Nf3 e6 3. c4 b6 4. a3 Bb7 5. Nc3 d5 6. cxd5 Nxd5 7. e3 Nf6 8. Bb5+
c6 9. Bd3 Nbd7 10. O-O c5 11. Qe2 a6 12. Rd1 Qb8 13. h3 cxd4 14. exd4 Bd6 15.
Re1 O-O 16. Ne5 b5 17. Bg5 Re8 18. Rad1 Bf8 19. Bb1 g6 20. Ba2 h6 21. Bf4 Qc8
22. Rd3 Nxe5 23. dxe5 Nd7 24. Rg3 Bg7 25. Bb1 Nf8 26. h4 h5 27. Be4 Rd8 28. Bg5
Rd4 29. Qe3 Rc4 30. Bf6 Rb8 31. Bxb7 Qxb7 32. Ne4 Qb6 33. Qf3 Qc6 34. Bxg7 Kxg7
35. Qf6+ Kg8 36. Nd6 Qc7 37. Nxc4 bxc4 38. Re2 Rb5 39. Qg5 Nd7 40. Qe7 Qc6 41.
Rf3 1-0

[Event "III President's Cup"]
[Site "Baku AZE"]
[Date "2008.05.17"]
[Round "6"]
[White "Malakhatko, V."]
[Black "Safarli, E."]
[Result "1-0"]
[WhiteElo "2621"]
[BlackElo "2524"]
[PlyCount "133"]
[EventDate "2008.05.12"]
[SourceDate "1999.07.01"]

1. d4 Nf6 2. c4 e6 3. Nf3 b6 4. g3 Ba6 5. b3 Bb7 6. Bg2 Bb4+ 7. Bd2 a5 8. O-O
O-O 9. Nc3 d6 10. Qc2 Nbd7 11. Rfd1 Bxc3 12. Bxc3 Be4 13. Qb2 c6 14. Bf1 h6 15.
Ne1 d5 16. Nd3 Bh7 17. Rac1 Ne4 18. Be1 Rc8 19. f3 Nd6 20. Bf2 Re8 21. Ne5 f6
22. cxd5 fxe5 23. dxc6 e4 24. cxd7 Qxd7 25. d5 b5 26. Rxc8 Qxc8 27. dxe6 Qxe6
28. Qd4 Nf7 29. f4 e3 30. Be1 Rd8 31. Qa1 Rxd1 32. Qxd1 b4 33. Qc1 Nd6 34. Qc7
Qd5 35. Qb8+ Kf7 36. Qa7+ Kf8 37. Qb8+ Kf7 38. Qc7+ Kg8 39. Qd8+ Kf7 40. Qd7+
Kf8 41. a3 Bg6 42. axb4 Be8 43. Qd8 Kf7 44. Qc7+ Kg8 45. Bc3 Nf7 46. Qc5 Qe4
47. Qd4 Qxd4 48. Bxd4 axb4 49. Bg2 Nd6 50. Bxe3 Bf7 51. Bc5 Nb5 52. Bxb4 Nd4
53. Kf2 Bxb3 54. e3 Ne6 55. e4 Kf7 56. Ke3 Nc7 57. Bf1 g6 58. Bd6 Ne6 59. f5
gxf5 60. exf5 Ng7 61. g4 h5 62. h3 Bd1 63. Kf4 hxg4 64. Bc4+ Ke8 65. hxg4 Kd7
66. Be5 Ne8 67. g5 1-0

[Event "ch-Moscow"]
[Site "Moscow RUS"]
[Date "2008.05.16"]
[Round "5"]
[White "Rustemov, A."]
[Black "Savchenko, B."]
[Result "1/2-1/2"]
[WhiteElo "2552"]
[BlackElo "2569"]
[PlyCount "108"]
[EventDate "2008.05.12"]
[SourceDate "1999.07.01"]

1. d4 Nf6 2. Nf3 e6 3. c4 b6 4. g3 Bb7 5. Bg2 Be7 6. O-O O-O 7. Nc3 d5 8. cxd5
Nxd5 9. Nxd5 Bxd5 10. Bf4 c5 11. dxc5 Bxc5 12. Ne5 Bxg2 13. Qxd8 Rxd8 14. Kxg2
Nd7 15. Nc6 Rdc8 16. Rfd1 Nf6 17. Ne5 Nd5 18. Rac1 Nxf4+ 19. gxf4 f6 20. Nd3
Be7 21. a4 Kf7 22. Kf3 a6 23. h3 Rab8 24. Ke4 a5 25. Kf3 b5 26. Rxc8 Rxc8 27.
axb5 Rb8 28. Rc1 Rxb5 29. Rc7 Rh5 30. Kg4 Rb5 31. Ra7 g5 32. fxg5 Rxg5+ 33. Kf3
Rh5 34. Kg3 Rg5+ 35. Kh2 Rb5 36. f3 Ke8 37. Ra6 Kf7 38. Rc6 Rd5 39. Kg3 Bd6+
40. Kf2 Kg6 41. f4 Rd4 42. Kf3 a4 43. Ke3 Rd5 44. Ra6 Kf7 45. Kf3 Rd4 46. Ra7+
Kg6 47. Ra6 Kf7 48. Ra5 e5 49. fxe5 Bxe5 50. Nxe5+ fxe5 51. Rxe5 Rh4 52. Kg3
Rb4 53. Ra5 Rxb2 54. Rxa4 Rxe2 1/2-1/2

[Event "Frank K Berry ch-USA"]
[Site "Tulsa USA"]
[Date "2008.05.14"]
[Round "2"]
[White "Yermolinsky, A."]
[Black "Gulko, B."]
[Result "1/2-1/2"]
[WhiteElo "2518"]
[BlackElo "2559"]
[PlyCount "29"]
[EventDate "2008.05.13"]
[SourceDate "1999.07.01"]

1. d4 Nf6 2. c4 e6 3. Nf3 b6 4. g3 Bb7 5. Bg2 Be7 6. Nc3 O-O 7. d5 Bb4 8. O-O
Bxc3 9. bxc3 d6 10. Nh4 Qc8 11. Bg5 Nbd7 12. e4 Re8 13. Re1 h6 14. Bxf6 Nxf6
15. f4 1/2-1/2

[Event "Frank K Berry ch-USA"]
[Site "Tulsa USA"]
[Date "2008.05.16"]
[Round "4"]
[White "Yermolinsky, A."]
[Black "Ivanov, AV USA."]
[Result "1-0"]
[WhiteElo "2518"]
[BlackElo "2560"]
[PlyCount "121"]
[EventDate "2008.05.13"]
[SourceDate "1999.07.01"]

1. d4 Nf6 2. c4 e6 3. Nf3 b6 4. g3 Ba6 5. Nbd2 b5 6. cxb5 Bxb5 7. Bg2 d5 8. O-O
Be7 9. b4 O-O 10. a4 Be8 11. Ba3 a5 12. bxa5 Bxa3 13. Rxa3 Qd6 14. Qa1 Nc6 15.
Rc1 Bd7 16. e3 Nxa5 17. Ne5 Rfb8 18. Rac3 Ra7 19. Bf1 Be8 20. Rc5 c6 21. Be2
Rba8 22. R5c3 Nb7 23. Nxc6 Rxa4 24. Qb1 Nd8 25. Ne5 Ra2 26. R3c2 Rxc2 27. Qxc2
Nd7 28. Bb5 f6 29. Nxd7 Bxd7 30. Bxd7 Qxd7 31. Nb3 Nb7 32. Qc6 Qxc6 33. Rxc6
Re8 34. g4 Kf7 35. Kg2 Re7 36. h4 Nd8 37. Rd6 Nb7 38. Ra6 Rd7 39. h5 Ke7 40.
Rb6 Rc7 41. Kg3 Nd6 42. Nc5 e5 43. Rb8 Rc8 44. Rb3 Rc7 45. f3 Ra7 46. dxe5 fxe5
47. Rd3 Nb7 48. Rxd5 Nxc5 49. Rxc5 Kd6 50. Rb5 h6 51. Rb6+ Ke7 52. f4 exf4+ 53.
Kxf4 Ra5 54. e4 Kf7 55. e5 Ra1 56. Rb7+ Ke6 57. Rxg7 Rf1+ 58. Ke4 Re1+ 59. Kf3
Rf1+ 60. Kg2 Rf4 61. Kg3 1-0

[Event "IX EICC"]
[Site "Plovdiv BUL"]
[Date "2008.04.29"]
[Round "8"]
[White "Halkias, S."]
[Black "Roiz, M."]
[Result "1/2-1/2"]
[WhiteElo "2585"]
[BlackElo "2659"]
[PlyCount "137"]
[EventDate "2008.04.21"]
[SourceDate "1999.07.01"]

1. d4 e6 2. c4 Nf6 3. Nf3 b6 4. Nc3 Bb7 5. Bg5 h6 6. Bh4 Be7 7. e3 Ne4 8. Nxe4
Bxe4 9. Bg3 d6 10. Bd3 Bb7 11. d5 e5 12. b4 O-O 13. e4 a5 14. a3 axb4 15. axb4
Rxa1 16. Qxa1 c5 17. b5 Nd7 18. O-O Qc7 19. Qb2 Ra8 20. Ra1 Qb8 21. Nd2 h5 22.
h4 Qd8 23. Rxa8 Qxa8 24. Nb1 Qa5 25. Kf1 Bc8 26. Qa3 Qxa3 27. Nxa3 g5 28. hxg5
Bxg5 29. Nb1 Kf8 30. Nc3 Ke8 31. Na4 Kd8 32. Be2 h4 33. Bh2 Bf4 34. g3 hxg3 35.
Bxg3 Bxg3 36. fxg3 Nf6 37. Bf3 Kc7 38. Nc3 Kd8 39. Na4 Kc7 40. Nc3 Bd7 41. Nd1
Nh7 42. Ne3 Ng5 43. Kf2 Kd8 44. Bg2 Ke7 45. Nd1 Bg4 46. Ne3 Bd7 47. Bf3 Bc8 48.
Nd1 Kd8 49. Ke3 Bd7 50. Bh5 Bh3 51. Be2 Bd7 52. Nf2 f6 53. Bg4 Be8 54. Nd1 Bg6
55. Nc3 Kc7 56. Be6 Bh5 57. Bf5 Kd8 58. Kf2 Kc7 59. Ke3 Kd8 60. Kf2 Kc7 61. Ke3
Kd8 62. Na4 Kc7 63. Nb2 Kd8 64. Nd3 Ke7 65. Nf2 Kd8 66. Bg4 Bg6 67. Bf3 Ke7 68.
Be2 Nf7 69. Bg4 1/2-1/2

[Event "IX EICC"]
[Site "Plovdiv BUL"]
[Date "2008.04.29"]
[Round "8"]
[White "Rusev, K."]
[Black "Delchev, A."]
[Result "1/2-1/2"]
[WhiteElo "2516"]
[BlackElo "2639"]
[PlyCount "100"]
[EventDate "2008.04.21"]
[SourceDate "1999.07.01"]

1. d4 Nf6 2. c4 e6 3. Nf3 b6 4. a3 Ba6 5. Qb3 Be7 6. Nc3 d5 7. cxd5 Nxd5 8. g3
O-O 9. Bg2 Nxc3 10. bxc3 Nd7 11. Qa2 c5 12. O-O Bb7 13. Rd1 Nf6 14. Bf4 Qc8 15.
Rac1 Rd8 16. a4 Be4 17. Ne5 Bxg2 18. Kxg2 Qb7+ 19. f3 Rac8 20. e4 h6 21. Be3
cxd4 22. cxd4 Nd7 23. Rxc8 Rxc8 24. Nxd7 Qxd7 25. d5 exd5 26. Rxd5 Qc6 27. Rd2
Bb4 28. Re2 Qc4 29. Kf2 h5 30. Qxc4 Rxc4 31. Ra2 Kf8 32. Ke2 Ke7 33. Bd2 Bxd2
34. Kxd2 Kd6 35. Kd3 Rc5 36. Rb2 Kc6 37. Rb1 g6 38. h4 a6 39. g4 b5 40. axb5+
Rxb5 41. Rc1+ Kd6 42. gxh5 Rxh5 43. Rc8 Ra5 44. Ke3 Ra1 45. Ra8 Ke5 46. Re8+
Kf6 47. Kf4 a5 48. Ra8 a4 49. e5+ Ke7 50. Ra7+ Ke6 1/2-1/2